| 000 | 00557nab a2200193 a 4500 | ||
|---|---|---|---|
| 005 | 20210219155353.0 | ||
| 008 | 991125s1985 mx 000 0 spa u | ||
| 035 | _aUPN01000143782 | ||
| 100 | 1 | _aMorey Alzamora, Aina | |
| 222 | _aREVISTA DE EDUCACION | ||
| 245 | _aEl sentido de eficacia : un elemento de comprensión de la motivación docente | ||
| 260 | _aMadrid, España | ||
| 300 | _a247-315 | ||
| 362 | 0 | _a2001 No. 324, ene.-abr. | |
| 653 | 0 | _aMOTIVACION DOCENTE | |
| 653 | 0 | _aMAESTROS | |
| 653 | 0 | _aDESEMPEÑO ACADEMICO | |
| 905 | _aArticulo | ||
| 999 |
_c115929 _d115929 |
||